000 00699nam a2200229 a 4500
999 _c3522
_d3522
001 3522
003 BD-JhCC
005 20171114185233.0
008 171114s1987 bg a|||| ||a| 000 0 ben d
035 _a(BD-JhCC)3522
040 _aBD-JhCC
_dBD-JhCC
041 _aben
082 _a297.17
_bHAQ 1987
100 _aহক, মুহম্মদ লুতফুল
245 _aগল্পে হযরত উমর রা. /
_cমুহম্মদ লুতফুল হক
260 _aঢাকা :
_bইসলামিক ফাউন্ডেশন,
_c1987.
300 _a59 p. :
_c20 cm.
650 _aIslam Legerd
650 _aHazrat Umar (R.)
942 _2ddc
_cBK